| 000 | 00490nam a2200181Ia 4500 | ||
|---|---|---|---|
| 999 |
_c29519 _d29519 |
||
| 003 | OSt | ||
| 005 | 20210104155214.0 | ||
| 008 | 190216s9999||||xx |||||||||||||| ||und|| | ||
| 020 | _a96220924 | ||
| 040 | _coclc | ||
| 082 |
_a910 _bPRA/K |
||
| 100 |
_aPrabhakaran, N _97828 |
||
| 245 | 0 |
_aKudaku Kurippukal / _cN Prabhakaran |
|
| 260 |
_bKairali Books, _aKannur: _c2008. |
||
| 300 | _a104p | ||
| 650 | _aYathravivaranam | ||
| 942 |
_cBK _2ddc _h910 _iPRA/K _k910 _mPRA/K |
||